000 00486nam a22001817a 4500
005 20260225143819.0
008 260225b |||||||| |||| 00| 0 eng d
020 _a978-0-1281-8200-0
100 _aPETERSON LARRY L.
245 _aCOMPUTER NETWORKS: A SYSTEMS APPROACH
250 _a6TH EDITION
260 _aCAMBRIGE
_bMORGAN KAUFMAN
_c2022
300 _aXXVI,817P.
500 _aINCLUDES AN INDEX
650 _aCOMPUTER NETWORKS
700 _aBRUCE S. DAVIE
942 _2lcc
_cBK
999 _c216658
_d216658